Szczegóły MARC21

Afryka subsaharyjska : potencjał, problemy i możliwości dla Polski /

003 -Nazwa inst., której nr kontr. jest w polu 001 [,]
    • @
    • Nazwa instytucji, której n kontrolny jest w polu 001
    • NUKAT
005 -DATA I CZAS OSTATNIEJ MODYFIKACJI [,]
    • @
    • pole kontrolne
    • 20241231105835.0
020 -Międzynarod. znormalizowany nr książki - ISBN [ , ]
    • a
    • Numer ISBN
    • 9788301208837 Find
040 -Instytucja sporządzająca opis [ , ]
    • a
    • Instytucja, która sporządziła opis (NP)
    • KAT U/MP
    • b
    • Język katalogowania
    • pol
    • e
    • Zasady katalogowania
    • rda
    • c
    • Instytucja, która sporządziła rekord (NP)
    • KAT U/MPs
    • d
    • Instytucja, która zmodyfikowała rekord (P)
    • KAT U/MP
    • d
    • Instytucja, która zmodyfikowała rekord (P)
    • WA 14/MBs
041 -Język dokumentu [0, ]
    • a
    • Język tekstu (P)
    • polski
    • b
    • Język streszczeń lub abstraktu (P)
    • francuski
    • b
    • Język streszczeń lub abstraktu (P)
    • suahili
942 -Rodzaj dokumentu [ , ]
    • c
    • Rodzaj dokumentu
    • Książka
245 -Strefa tytułu i oznaczenia odpowiedzialności [0,0]
    • a
    • Tytuł
    • Afryka subsaharyjska : Find
    • b
    • Ciąg dalszy tytułu (NP)
    • potencjał, problemy i możliwości dla Polski / Find
    • c
    • Pozostałe elementy strefy tytułu i oznaczenia odpowiedzialności (NP)
    • Ewa Cieślik, Konrad Czernichowski, Bara Ndiaye.
250 -Strefa wydania [ , ]
    • a
    • Oznaczenie wydania (NP)
    • Wydanie I.
260 -Strefa adresu wydawniczego [ , ]
    • a
    • Miejsce wydania (P)
    • Warszawa :
    • b
    • Nazwa wydawcy (P)
    • Wydawnictwo Naukowe PWN,
    • c
    • Data wydania (P)
    • © 2020.
300 -Strefa opisu fizycznego [ , ]
    • a
    • Określenie formy książki i/lub objętość (NP)
    • 243 strony :
    • b
    • Oznaczenie ilustracji (NP)
    • ilustracje ;
    • c
    • Format (NP)
    • 24 cm.
336 -Typ zawartości [ , ]
    • a
    • Termin opisujący typ zawartości
    • Tekst
    • b
    • Kod określający zawartość
    • txt
    • 2
    • Źródło (terminu i kodu)
    • rdacontent
337 -Typ mediów [ , ]
    • a
    • Tryb odtwarzania
    • Bez urządzenia pośredniczącego
    • b
    • Kod typu mediów
    • n
    • 2
    • Źródło (terminu i kodu)
    • rdamedia
338 -Typ/rodzaj nośnika [ , ]
    • a
    • Hasło opisujące typ nośnika
    • Wolumin
    • b
    • Kod typu nośnika
    • nc
    • 2
    • Źródło (terminu i kodu)
    • rdacarrier
380 -Deskryptor - Forma dzieła (P) [ , ]
    • a
    • forma dzieła (NP)
    • Książki
380 -Deskryptor - Forma dzieła (P) [ , ]
    • a
    • forma dzieła (NP)
    • Publikacje naukowe
388 -Deskryptor - czas powstania dzieła (P) [1, ]
    • a
    • Czas powstania dzieła (NP)
    • 2001-
504 -Uwaga dot. bibliogr. załącznikowej [ , ]
    • a
    • Uwaga dot. bibliografii załącznikowej
    • Bibliografia na stronach 209-224. Indeks.
536 -Uwaga dot. finansowania książki [ , ]
    • a
    • Tekst uwagi
    • Książka dofinansowana jest ze środków Uniwersytetu Ekonomicznego w Poznaniu, Uniwersytetu Marii Curie-Skłodowskiej w Lublinie, Uniwersytetu Warmińsko-Mazurskiego w Olsztynie.
546 -Uwaga dot. języka [ , ]
    • a
    • Uwaga dot. języka
    • Streszczenie w języku francuskim i suahili.
610 -Hasło przedmiotowe w formie nazwy ciała zbiorowego [2,7]
    • a
    • Nazwa ciała zbiorowego lub nazwa geograficzna
    • Wspólnota Gospodarcza Państw Afryki Zachodniej (ECOWAS)
    • 2
    • Źródło terminu
    • DBN
650 -Hasło przedmiotowe [ ,7]
    • a
    • Hasło przedmiotowe
    • Działalność gospodarcza
    • 2
    • Źródło terminu
    • DBN
    • 9
    • KHW
    • 725470
650 -Hasło przedmiotowe [ ,7]
    • a
    • Hasło przedmiotowe
    • Handel zagraniczny
    • 2
    • Źródło terminu
    • DBN
    • 9
    • KHW
    • 733892
650 -Hasło przedmiotowe [ ,7]
    • a
    • Hasło przedmiotowe
    • Inwestycje zagraniczne
    • 2
    • Źródło terminu
    • DBN
    • 9
    • KHW
    • 734211
650 -Hasło przedmiotowe [ ,7]
    • a
    • Hasło przedmiotowe
    • Rozwój gospodarczy
    • 2
    • Źródło terminu
    • DBN
    • 9
    • KHW
    • 725757
650 -Hasło przedmiotowe [ ,7]
    • a
    • Hasło przedmiotowe
    • Współpraca gospodarcza
    • 2
    • Źródło terminu
    • DBN
    • 9
    • KHW
    • 739839
651 -Hasło przedmiotowe w formie nazwy geograficznej [ ,7]
    • a
    • Nazwa geograficzna
    • Afryka
    • x
    • Określnik rzeczowy
    • sytuacja gospodarcza
    • y
    • Określnik chronologiczny
    • 1990-.
    • 2
    • Źródło terminu
    • kaba
    • 9
    • KHW
    • 496079
651 -Hasło przedmiotowe w formie nazwy geograficznej [ ,7]
    • a
    • Nazwa geograficzna
    • Afryka Subsaharyjska
    • x
    • Określnik rzeczowy
    • polityka i rządy.
    • 2
    • Źródło terminu
    • kaba
    • 9
    • KHW
    • 155826
651 -Hasło przedmiotowe w formie nazwy geograficznej [ ,7]
    • a
    • Nazwa geograficzna
    • Polska
    • x
    • Określnik rzeczowy
    • stosunki gospodarcze z zagranicą
    • z
    • Określnik geograficzny
    • Afryka.
    • 2
    • Źródło terminu
    • kaba
    • 9
    • KHW
    • 695075
651 -Hasło przedmiotowe w formie nazwy geograficznej [ ,7]
    • a
    • Nazwa geograficzna
    • Afryka
    • x
    • Określnik rzeczowy
    • stosunki gospodarcze z zagranicą
    • z
    • Określnik geograficzny
    • Polska.
    • 2
    • Źródło terminu
    • kaba
    • 9
    • KHW
    • 695074
651 -Hasło przedmiotowe w formie nazwy geograficznej [ ,7]
    • a
    • Nazwa geograficzna
    • Afryka Subsaharyjska
    • 2
    • Źródło terminu
    • DBN
    • 9
    • KHW
    • 739632
651 -Hasło przedmiotowe w formie nazwy geograficznej [ ,7]
    • a
    • Nazwa geograficzna
    • Polska
    • 2
    • Źródło terminu
    • DBN
    • 9
    • KHW
    • 721438
655 -Hasło w funkcji tematu formalnego [ ,7]
    • a
    • Hasło
    • Monografia
    • 2
    • Źródło terminu
    • DBN
    • 9
    • KHW
    • 721273
658 -Ujęcie treści [ , ]
    • a
    • dziedzina nauki i sztuki/ sfera aktywności życiowej
    • Gospodarka, ekonomia, finanse
700 -Hasło dodatkowe - nazwa osobowa [1, ]
    • a
    • Nazwa osobowa (NP)
    • Cieślik, Ewa Find
    • c
    • Dopowiedzenie inne niż daty biograficzne (NP)
    • (ekonomia).
    • e
    • Określenie rodzaju współpracy
    • Autor
    • 9
    • KHW
    • 694931
700 -Hasło dodatkowe - nazwa osobowa [1, ]
    • a
    • Nazwa osobowa (NP)
    • Czernichowski, Konrad Find
    • d
    • Daty biograficzne (NP)
    • (1980- ).
    • e
    • Określenie rodzaju współpracy
    • Autor
    • 9
    • KHW
    • 41031
700 -Hasło dodatkowe - nazwa osobowa [1, ]
    • a
    • Nazwa osobowa (NP)
    • Ndiaye, Bara Find
    • d
    • Daty biograficzne (NP)
    • (1967- ).
    • e
    • Określenie rodzaju współpracy
    • Autor
    • 9
    • KHW
    • 694930
710 -Hasło dodatkowe - nazwa ciała zbiorowego [2, ]
    • a
    • Nazwa ciała zbiorowego lub nazwa geograficzna jako pierwszy element (NP)
    • Wydawnictwo Naukowe PWN.
    • e
    • Rodzaj współpracy
    • Wydawca
    • 4
    • Kod relacji
    • pbl
    • 9
    • KHW
    • 52648
920 -ISBN [ , ]
    • a
    • ISBN
    • 978-83-01-20883-7 Find
Data inwentaryzacji Lokalizacja Status udost. Numer inwentarzowy
2023-12-11BE-2E.81316